000 00875nam a2200241Ia 4500
999 _c50381
_d50381
003 GCL
005 20240530104743.0
008 140319s1996 ua 000 0 ara d
020 _a9771800523
040 _aGCL /
_cGCL
082 0 4 _a928.1/
_bن م
100 0 _aنبيل فرج
245 1 0 _aمحمد حسين هيكل فى عيون معاصريه /
_cاعدا نبيل فرج ؛ تقديم جابر عصفور
260 _aالقاهرة :
_bالهيئة العامة لدار الكتب والوثائق القومية،
_c1996.
300 _a238 ص. ؛
_c24 سم.
490 _aالمجلس الاعلى للثقافة
_v0
630 0 _aمحمد حسين هيكل
650 0 7 _2qrmak
_aالادب العربى
650 0 7 _2qrmak
_aالتراجم الادبية
650 0 7 _2qrmak
_aالادباء
700 0 _aجابر عصفور
_eمقدم
942 _2ddc
_cBK